000
00297 a2200109 4500
001
ART_35141
005
20260410161627.0
008
260409a
245
1
0
_a
Impuestos diferidos en el PRT 34
100
1
_a
Zgaib, Alfredo O.
773
0
_t
Enfoques
_g
- NÂș 10 (oct. 2015)
_w
REV416
999
_c
12095
_d
12095